[Event "Baku FIDE GP"]
[Site "Baku"]
[Date "2014.10.07"]
[Round "5"]
[White "Nakamura, Hikaru"]
[Black "Dominguez Perez, Leinier"]
[Result "1/2-1/2"]
[WhiteElo "2764"]
[BlackElo "2751"]
[Annotator "Marin,M"]
[PlyCount "112"]
[EventDate "2014.10.02"]
[EventType "tourn"]
[EventRounds "11"]
[EventCountry "AZE"]
[EventCategory "21"]
[SourceTitle "CBM 163"]
[Source "ChessBase"]
[SourceDate "2014.11.11"]
[SourceVersion "1"]
[SourceVersionDate "2014.11.11"]
[SourceQuality "1"]

1. c4 c5 2. Nf3 Nc6 3. Nc3 e5 4. g3 g6 5. Bg2 Bg7 6. O-O Nge7 7. a3 O-O {
Even in such a basically static system, the move order can be important.} ({
If Black advances his d-pawn at once with} 7... d6 {, hoping to play ...Be6
before White can defend the d5-square with Ne1-c2-e3, he should count with} 8.
b4 {as, for instance, in Kramnik,V (2800)-Nepomniachtchi,I (2730) Moscow 2011
CBM 146 [Ramirez Alvarez] (0-1, 53)}) 8. Rb1 ({Under the given circumstances,} 
8. b4 {can be met with} d5 $5 {without loss of time.}) 8... d5 $5 {A rare and
daring continuation} ({If} 8... a5 {White would be in time to regroup:} 9. Ne1
d6 10. Nc2 Be6 11. Ne3 {[%cal Gd2d3,Gc1d2,Ge3d5,Gb2b4]}) 9. cxd5 Nxd5 10. Nxd5
({One important point is that the standard tactical blow} 10. Nxe5 {does not
offer much here:} Nxc3 11. Nxc6 Nxe2+ (11... Nxd1 12. Nxd8 {Schwartzman,G 
(2505)-Scott,G Chicago 1994 (1-0, 49)} Bg4 $3 $132 13. Rxd1 $2 Bxe2 14. Re1 Bd3
$15) 12. Qxe2 bxc6 13. d3 Ba6 (13... Bf5 14. Be4 Re8 15. Be3 Bxe4 16. dxe4 Rxe4
17. Qc2 Qd5 18. Qxc5 Qxc5 19. Bxc5 Rc4 20. Be3 a5 $11 {Hauchard,A (2490)
-Aubert,L (2285) Maromme 1994 (1-0, 47)}) 14. Rd1 Qd7 15. Be3 Rfd8 16. Bf1 Qf5
17. Rbc1 Rd5 $11 {Voiska,M (2261)-Zhukova,N (2468) Kragujevac 2013 (1/2-1/2,
25)}) 10... Qxd5 11. d3 Qd6 {It is best to evacuate the d5-square before
anything else.} (11... Bd7 12. Ng5 $1 $146 Qd6 13. Ne4 Qe7 14. Bg5 f6 15. Bd2
$14 {[%cal Gb2b4]}) 12. b4 {It looks logical to strike at once.} (12. Be3 {
is a bit too slow} Bd7 13. b4 cxb4 14. axb4 Nxb4 15. Nd2 Nd5 16. Rxb7 Bc6 17.
Ne4 Qd8 18. Bg5 f6 19. Nc5 Qd6 $11 20. Ne4 Qd8 21. Nc5 Qd6 22. Ne4 Qd8 23. Nc5
{1/2-1/2 Pavlovic,M (2506)-Abrahamyan,T (2376) Reykjavik 2014}) ({Since Black
has not committed his bishop yet,} 12. Ng5 {does not offer anything special}
Nd4 $146 {[%cal Gc8g4]} 13. e3 Ne6 14. Ne4 Qe7 15. b4 Rd8 $132 {[%csl Gc5,Rd3]}
) 12... cxb4 13. axb4 Nxb4 14. Ba3 a5 15. Nd2 {White will retrieve the pawn
soon, but Black has a tempo to minimise the positional damage.} Be6 $5 $146 {
Heading straight for an inferior ending in which the opposite-coloured bishops
offer hopes for a draw.} (15... Rd8 16. Nc4 Qc7 (16... Qe7 {[%cal Gg7f8]} 17.
Nxa5 $1 $18) 17. Bxb4 axb4 18. Rxb4 Ra7 19. Qb3 Bg4 20. Re1 $14 {[%csl Gb7]
Peelen,P (2385)-Murey,J (2505) Amsterdam 1987 (1/2-1/2, 54). /+/- When I give
this kind of evaluation it usually means that despite the engines' moderation
I would be very surprised if I failed to win with White!}) 16. Nc4 Bxc4 17.
dxc4 Qe7 (17... Qc7 18. Bxb4 axb4 19. Rxb4 Rfb8 20. Qd5 Ra7 21. Rfb1 $16) 18.
Qb3 e4 $5 {Leinier reveals the main point of his novelty. If the white bishop
was left "alive", the opposite bishop element would actually make things worse
for him.} ({For instance} 18... Rfb8 19. Bxb4 axb4 20. Qxb4 $14 {[%csl Gb7,Gf7]
[%cal Gg2d5] /+/- with a very unpleasant position for Black.}) 19. Bxb4 axb4
20. Qxb4 Qxb4 21. Rxb4 f5 {[%csl Gg2]} 22. Rxb7 {This position occurred almost
by force after Black's novelty. But the first move in a position that should
have stayed on Leinier's board (at least the bi-dimensional one) is an
important inaccuracy.} Rfc8 $6 {With four rooks on the board, the control of
the seventh rank is essential.} (22... Rf7 $1 23. Rb5 (23. Rxf7 Kxf7 24. f3
exf3 25. Bxf3 Ra1 $11) 23... Ra2 24. e3 Rc2 (24... Rc7 25. g4 $1 $16) 25. Rc5
Bf8 26. Rc6 Kg7 $14) 23. Rc1 {The most natural continuation, defending the
pawn and preparing to activate the bishop with e2-e3 and Bg2-f1. But there
were other reasonable alternatives.} (23. e3 Rxc4 24. Rd1 Be5 25. Rdd7 Rac8 (
25... h5 $6 26. Bf1 Rc1 27. Kg2) 26. Rxh7 R4c7 27. Rhxc7 Rxc7 28. Rb6 Kg7 $14 {
White still has some theoretical chances, but due to the reduced material and
favourable structure Black should be out of danger.}) (23. f3 Rxc4 (23... e3
24. f4) (23... exf3 24. Bxf3) 24. fxe4 fxe4 25. Re7 $14 {This is more
problematic for Black already. White will win the e4-pawn and retain the safer
king's position, precisely because his e2-pawn defends the second rank.} Raa4
$2 {saves the pawn but loses the bishop to} 26. Re8+ $1) 23... Bd4 $6 {[%csl
Gc5][%cal Ga8a7,Ga7h7]} (23... Rab8 $5 24. Rxb8 Rxb8 25. c5 Kf7 26. c6 (26. f3
Bd4+ 27. Kf1 Be3 $11) 26... Ke6 27. f3 Bd4+ 28. Kh1 Be3 29. Rd1 $14) 24. g4 $1
$16 {After Black loses his kingside stability, White's winning chances become
very realistic.} (24. e3 Ra7 $1 25. Rb5 Bc5 $14) 24... Ra2 (24... Ra7 25. Rxa7
Bxa7 26. gxf5 gxf5 27. Bh3 Rf8 28. c5 $16) 25. e3 Bf6 26. gxf5 Bh4 {Trying to
get the most out of Black's possibly only counterplay.} (26... gxf5 27. Rb5 Bh4
$2 (27... f4 28. Bxe4 $16) (27... Ra1 28. Rxa1 Bxa1 29. Bh3 Rxc4 30. Bxf5 $16 {
[%csl Ge4]}) 28. Rxf5 $18) 27. Bxe4 Bxf2+ 28. Kh1 gxf5 (28... Bxe3 29. Bd5+ Kh8
30. Re1 {[%cal Ge1e7]} Bg5 {[%csl Ge7]} (30... Bc5 31. f6 $16) 31. fxg6 hxg6
32. Rf1 Re8 33. c5 $16 {Black will find it difficult to deal with the passed
pawn and the potential seventh rank threats.}) 29. Bxf5 Bxe3 {White has
reached an ending with at least 50%-50% chances (win/draw), but starting with
this moment Nakamura constantly fails to get the best out of his position. The
h7-pawn is doomed, but White must permanently reckon with the following detail.
If all the rooks leave the board, Black would only need to keep his king close
to h8 and give up the bishop for the c-pawn in order to reach a drawn ending
against B + hP with the right colour of the corner square.} 30. Re1 $6 {
There will be no play for White along the e-file and the rook will actually be
exposed here as we will see.} (30. Rf1 $1 {[%cal Gf1f7]} Re8 31. Bxh7+ Kh8 32.
Bg6 Rd8 $8 {[%csl Rh1][%cal Ga2h2,Gd8d1]} (32... Rc8 $2 33. Rf3 $18 {[%csl Rh8]
->}) 33. Be4 Bf2 34. Rf7 Bd4 35. Rh7+ Kg8 36. Rh4 $40 {White has two extra
pawns and dangerous threats against the enemy king. This should be won with a
bit of accuracy.}) 30... Re8 31. Rxh7 $6 {[%csl Gf5] The hanging position of
the bishop will allow Black to activate his rooks.} (31. Bxh7+ Kh8 {[%cal
Ga2h2,Ge3f4,Ge8e1] /\32...Rxh2+ 33.Kxh2 Bf4+ XRe1} 32. h3 {Things are far from
easy for White, but his chances are better than in the game.}) 31... Re5 32.
Bb1 Rb2 33. Rh3 Bd4 {Unlike in the line from the comment to 30.Re1, it is
rather the white king which is experiencing some problems now.} 34. Rd1 (34.
Rxe5 $2 Rxb1+ 35. Kg2 Bxe5 $11) 34... Bc5 35. Rg3+ Kf8 36. Rf1+ Ke7 37. Bd3 Rf2
38. Rb1 $6 {By keeping all rooks on board, Nakamura probably thought he was
retaining attacking chances. But the problem is that the black king is doing
fine while White's - not really.} (38. Rxf2 $5 Bxf2 39. Rf3 Bc5 40. Kg2 (40. h4
Re3 $11 41. Rxe3+ Bxe3 42. Kg2 Kf6 {[%csl Gh8]}) (40. Bf5 Re1+ 41. Kg2 Re2+ 42.
Kh3 Bd6) 40... Re3 41. Rg3 Kf6 (41... Rxg3+ $2 42. hxg3 $18) 42. Kh3 {[%cal
Gh3g4] I find it hard to give a definitive evaluation to this position, but I
feel that White keeps winning chances.}) 38... Kd6 39. Rd1 (39. Rg2 $5) 39...
Kc7 40. Rb1 Kd6 41. Bf1 Rd2 42. Rg8 Ke7 43. Rg4 Kf6 44. Ra1 Bd6 45. h4 $6 {
[%csl Rh4] Throwing away the last chances.} (45. Rg2 Rxg2 46. Kxg2 (46. Bxg2
Bb4 47. Ra6+ Kg5 48. h3 Re1+ 49. Kh2 Rc1 50. Bd5 Rc2+ {endlessly followed by
checks should end in a draw}) 46... Rg5+ 47. Kh1 Bc5 48. Be2 {White is quite
passive, but while he can avoid the rook exchange his chances are alive.})
45... Rh5 $11 46. Ra6 Kf5 47. Rg5+ Rxg5 48. Ra5+ Be5 49. hxg5 Rh2+ 50. Kg1 Rh5
51. c5 Rxg5+ 52. Kf2 Ke4 53. Bg2+ Kd4 54. Rb5 Bg3+ 55. Kf3 Rxc5 56. Rxc5 Kxc5
1/2-1/2

[Event "Krynica zt"]
[Site "Krynica"]
[Date "1998.09.06"]
[Round "4"]
[White "Marin, Mihail"]
[Black "Gdanski, Jacek"]
[Result "1/2-1/2"]
[WhiteElo "2530"]
[BlackElo "2540"]
[Annotator "Marin,M"]
[PlyCount "83"]
[EventDate "1998.09.02"]
[EventType "swiss"]
[EventRounds "9"]
[EventCountry "POL"]
[SourceTitle "CBM 067"]
[Source "ChessBase"]
[SourceDate "1998.11.30"]
[SourceVersion "2"]
[SourceVersionDate "1998.11.01"]
[SourceQuality "1"]

1. c4 g6 2. g3 Bg7 3. Bg2 c5 4. Nc3 Nc6 5. Nf3 e5 6. a3 a5 7. O-O Nge7 8. d3
O-O 9. Ne1 d6 10. Nc2 Nd4 11. Rb1 Nxc2 (11... Nb3 $5 12. Ne3 (12. Ne1 $5) 12...
Nxc1 13. Qxc1 Bh6) 12. Qxc2 Nc6 13. e3 $14 f5 14. Nd5 g5 15. b4 (15. f4 $14)
15... axb4 16. axb4 f4 17. b5 (17. Re1 f3 18. Bf1) 17... Ne7 $1 (17... f3 18.
Bxf3 (18. bxc6 fxg2 19. Kxg2 bxc6 20. Nb6 $14 Bg4 (20... Ra7 21. Nxc8 Qxc8 22.
Qe2 $16) 21. f3 Rb8 (21... Qf6 22. Qe2) 22. fxg4 Rxf1 23. Kxf1 Rxb6 24. Rxb6
Qxb6 25. e4 $11) 18... Rxf3 19. bxc6 bxc6 20. Nb6 $14) 18. exf4 gxf4 19. gxf4
$6 Nf5 $1 $40 20. Bb2 (20. Be4 Nd4 21. Qd1 Qh4) (20. fxe5 Bxe5 21. f4 (21. Bb2
$2 Ra2 22. Qb3 Rxb2 23. Rxb2 Qh4 24. f4 Bd4+ 25. Rbf2 Nh6 $19) 21... Bd4+ 22.
Kh1 Qh4 23. Rf3 Bd7 24. Bb2 (24. Nb6 Rae8 25. Bd2 (25. Nxd7 Re1+ 26. Bf1 Rf7
$40) 25... Re2 26. Qd1 Rfe8 27. Nxd7 Qg4 28. Rf2 Ng3+ 29. hxg3 Qh5+ 30. Kg1
Bxf2+ 31. Kf1 Bd4 $19) 24... Ra2 (24... Rae8 $44) 25. Rh3 Qg4 26. Ne7+ Kf7 27.
Rxh7+ Ng7 28. Bxd4 Rxc2 29. Rxg7+ Qxg7 30. Bxg7 Kxg7 31. Bxb7 Rxf4) 20... Ra2
21. Qb3 Rxb2 $1 22. Qxb2 exf4 23. Qd2 (23. Qe2 Qh4 $1 (23... Nd4 24. Qe7 f3 25.
Qxd8 Rxd8 26. Ne7+ Kf8 27. Nxc8 fxg2 28. Kxg2 Rxc8 29. Ra1 $44 {קb7}) 24. Rfe1
Be5 25. Qe4 Nd4 26. Nc7 Kh8 $1 $19 (26... Bf5 27. Qd5+ Kh8 28. Rxe5)) 23... Be5
24. Kh1 Qh4 25. Rg1 f3 (25... Kh8 26. Bf3 Nd4 27. Qd1 Qxf2 $17) 26. Bxf3+ Ng7
$1 27. Rg3 Rxf3 28. Ne7+ Qxe7 29. Rxf3 b6 30. Re1 Bb7 31. Re4 Ne6 (31... Bxe4
32. dxe4 Qh4 33. Qd5+) 32. Rf5 Nd4 (32... Bxe4+ 33. dxe4 Qh4 34. f3 Nf4 35. Qd1
Qf2 {/\h7-->h3}) 33. Rg5+ Kh8 34. Rgg4 Nf3 (34... Qf7) 35. Qh6 Qf7 (35... Nxh2
36. Rgf4 $3 Bxf4 37. Qxf4 Bxe4+ 38. dxe4 Nf1 39. Kg1 $11) 36. h3 Ne1 37. Qh4 (
37. Qg5 Qf8 (37... Qf3+ 38. Kg1 Bh2+ 39. Kf1 $18)) 37... Qf8 38. f4 Bc3 (38...
Nxd3 39. fxe5 Bxe4+ 40. Rxe4 Nf2+ 41. Kg2 Nxe4 42. Qxe4 Qg7+ 43. Kf3 $18) (
38... Nf3 39. Qg3 Nd2) 39. Qg3 Nc2 (39... Bxe4+ 40. dxe4 $16) 40. Kh2 Nd4 (
40... Bxe4 41. dxe4 Bd4 $17) 41. Qe3 Bxe4 (41... Bd2 $4 42. Re8 $18) (41... Nf5
$4 42. Re8 $18) 42. Qxe4 (42. Qxe4 Nf5 $15 43. Rg2 $6 d5 $3 {Bela Badea} 44.
cxd5 Nd6 $17) 1/2-1/2

[Event "Candidates Tournament"]
[Site "Kazan"]
[Date "2011.05.23"]
[Round "3.4"]
[White "Gelfand, Boris"]
[Black "Grischuk, Alexander"]
[Result "1/2-1/2"]
[WhiteElo "2733"]
[BlackElo "2747"]
[Annotator "Marin,M"]
[PlyCount "35"]
[EventDate "2011.05.05"]
[EventType "k.o."]
[EventRounds "3"]
[EventCountry "RUS"]
[SourceTitle "CBM 143"]
[Source "ChessBase"]
[SourceDate "2011.07.15"]
[SourceVersion "1"]
[SourceVersionDate "2011.07.15"]
[SourceQuality "1"]

1. Nf3 c5 2. c4 Nc6 3. Nc3 e5 4. g3 g6 5. Bg2 Bg7 6. d3 Nge7 7. a3 d6 8. Nd2 {
Not very common. This knight usually approaches the d5-square with Ne1-c2-e3.}
O-O 9. Rb1 h6 10. O-O a5 11. Nd5 $146 {A novelty compared to some not too
relevant games played before.} Be6 12. Nxe7+ Qxe7 13. Ne4 {The knight gets
closer to d5.} Kh8 ({Avoiding the trick} 13... Qd7 $2 14. Bxh6 $1) (13... f5 {
is an important alternative:} 14. Nc3 Rab8 {Preparing to meet Nd5 with ...b5.}
15. Bd2 Qd7 16. Qa4 $5 (16. Nd5 b5) 16... f4 (16... Kh8 17. e3 $14 {/\Nd5, b4})
17. Rfe1 {White needs to defend e2.} (17. Nd5 $6 Nd4 $1) 17... Rf7 18. Nd5 Rbf8
19. b4 axb4 20. axb4 fxg3 21. fxg3 Bh3 22. Be4 $13 {The situation of the white
king looks dangerous, but the queenside attack has very concrete forms, too.})
14. Nc3 Qd7 15. Bd2 Rab8 16. Qc1 $6 {This does not contribute to the essential
b2-b4.} (16. Nd5 b5) (16. Qa4 $5 Bh3 $140 17. Bxh3 Qxh3 18. f3 $14 {White has
good chances to get a global blockade on the light squares. Black's attack
does not seem too dangerous:} f5 19. Rf2 f4 20. Rg2) 16... h5 17. Bh6 {
Exchanging these bishops rather helps Black strategically.} Bh3 18. Re1 1/2-1/2

[Event "Tashkent FIDE GP 2nd"]
[Site "Tashkent"]
[Date "2012.11.22"]
[Round "1"]
[White "Gelfand, Boris"]
[Black "Leko, Peter"]
[Result "1/2-1/2"]
[WhiteElo "2751"]
[BlackElo "2732"]
[Annotator "Marin,M"]
[PlyCount "121"]
[EventDate "2012.11.22"]
[EventType "tourn"]
[EventRounds "11"]
[EventCountry "UZB"]
[EventCategory "20"]
[SourceTitle "CBM 152"]
[Source "ChessBase"]
[SourceDate "2013.01.15"]
[SourceVersion "1"]
[SourceVersionDate "2013.01.15"]
[SourceQuality "1"]

1. c4 c5 2. g3 g6 3. Bg2 Bg7 4. Nc3 Nc6 5. Nf3 e6 6. d4 cxd4 7. Nb5 d5 8. cxd5
exd5 9. Nfxd4 $146 (9. O-O Nge7) (9. Nbxd4 Nge7) 9... Nf6 $5 {It would be
interesting to know whether Leko intended the same way of developing the
knight against the known continuation above, or if he deviated only taking
into account certain particularities of the current position.} ({At first
sight, there is nothing wrong with} 9... Nge7 {, either.}) 10. O-O O-O 11. Be3
Ng4 12. Bf4 Nxd4 13. Nxd4 Qb6 14. Nb3 Bxb2 15. Rb1 Bg7 16. Qxd5 Nf6 17. Qd6 Bf5
18. Rbc1 Be4 19. Rfd1 Bxg2 20. Kxg2 Qxd6 21. Rxd6 Rfc8 22. Na5 Ne4 23. Rd7 Nc5
24. Rd5 b6 25. Be3 Bf8 26. Nb3 Ne6 27. Rxc8 Rxc8 28. Rd7 Rc7 29. Rxc7 Nxc7 30.
Kf3 Nd5 31. Bd2 f5 32. e4 fxe4+ 33. Kxe4 Nf6+ 34. Kd3 Kf7 35. Nd4 Bc5 36. f3
Bxd4 37. Kxd4 Ke6 38. g4 Nd5 39. h3 Ne7 40. f4 h5 41. f5+ Kf6 42. fxg6 hxg4 43.
hxg4 Nxg6 44. Kd5 Ke7 45. Be3 Kd7 46. Bg5 b5 47. Bd2 a6 48. Bc3 Nf4+ 49. Ke4
Nh3 50. Bd4 Ng5+ 51. Kd5 Nf3 52. Bf6 Ke8 53. Bc3 Kf7 54. Kc5 Nh2 55. g5 Nf3 56.
Bf6 Nd2 57. Kb6 Ne4 58. Kxa6 b4 59. Ka5 Nc3 60. Kxb4 Nxa2+ 61. Kc4 1/2-1/2

[Event "GBR-ch 98th"]
[Site "Sheffield"]
[Date "2011.07.31"]
[Round "7"]
[White "Short, Nigel D"]
[Black "Jones, Gawain C B"]
[Result "1-0"]
[WhiteElo "2687"]
[BlackElo "2418"]
[Annotator "Martin,A"]
[PlyCount "111"]
[EventDate "2011.07.24"]
[EventType "swiss"]
[EventRounds "11"]
[EventCountry "ENG"]
[SourceTitle "CBM 143 Extra"]
[Source "ChessBase"]
[SourceDate "2011.08.29"]
[SourceVersion "1"]
[SourceVersionDate "2011.08.29"]
[SourceQuality "1"]

1. c4 {Continuing a debate started in the Commonwealth Championship.} c5 {
Gawain is the first to deviate.} (1... Nf6 2. Nc3 g6 3. g3 Bg7 4. Bg2 O-O 5. e4
d6 6. Nge2 c5 7. O-O Nc6 8. d3 Rb8 9. h3 Ne8 10. Be3 Nd4 11. Rb1 Bd7 12. b4 b6
13. a4 a5 14. Bxd4 cxd4 15. Nb5 e5 16. bxa5 bxa5 17. Qd2 Bc6 18. f4 Nf6 19. f5
Nd7 20. Ra1 Nc5 21. Ra3 Bf6 22. fxg6 fxg6 23. h4 Rb7 24. Nc1 g5 25. Nb3 Nxb3
26. Rxb3 gxh4 27. gxh4 Rbf7 28. Qh6 Bxh4 29. Rxf7 Rxf7 30. Nxd6 Rf6 31. Qxh4
Qxd6 32. c5 Qf8 33. Rb8 Qxb8 34. Qxf6 Qc7 35. Kh2 Bxa4 36. Bh3 Be8 37. c6 Bf7
38. Be6 Bxe6 39. Qxe6+ Kf8 40. Qf6+ Ke8 41. Qe6+ Kd8 42. Qf6+ Ke8 43. Qe6+ {
1/2-1/2 Short,N (2682)-Jones,G (2596)/Gauteng 2011}) 2. g3 Nc6 3. Bg2 g6 4. Nc3
Bg7 5. Nf3 e5 6. d3 Nge7 7. Bg5 {A probing move, encouraging both ...h7-h6 and
the game continuation.} f6 ({After} 7... h6 {White just drops back to either
e3 or d2 and can follow up with Qc1, with a slight edge.}) 8. Bd2 d6 9. O-O Be6
10. a3 Qd7 11. Rb1 O-O ({Deep Rybka recommended} 11... Rc8 $1 12. b4 b6 {
with quite a good position for Black. Gawain plays too passively in this game
and gets into a mess.}) 12. b4 cxb4 13. axb4 d5 14. b5 Nd8 15. Na4 Bf7 $6 ({
For better or worse Black has to take on c4. White may be a little better, but
no more:} 15... dxc4 $1 16. Nc5 Qc8 17. Nxe6 (17. Bb4 $5 Rf7 18. Ne4 $1 Nd5 19.
Nd6 Qc7 20. Nxf7 Nxf7 21. dxc4 Qxc4 $13) 17... Nxe6 (17... Qxe6 18. dxc4 Qxc4
19. Bb4 Qe6 20. Nd2 f5 21. Qb3 Qxb3 22. Rxb3 Bf6 23. Rd3 a5 $13) 18. Bb4 Rf7
19. Rc1 Qe8 20. dxc4 a5 $13) 16. Bb4 Re8 17. Nd2 b6 $2 {Overlooking Nigel's
reply.} (17... f5 {was perhaps the best chance in an unenviable situation:} 18.
Nc5 Qc8 19. Qa4) (17... e4 18. Nc5 Qc7 19. dxe4 dxc4 20. Rc1 a5 21. Ba3 $16)
18. Bxe7 Rxe7 19. Nc3 {[%csl Rd5] With winning pressure on d5. This position
is an English player's dream.} e4 $8 20. Nxd5 Bxd5 21. cxd5 exd3 22. d6 $1 {
We are in the middle of a forcing sequence which should lead to a comfortably
winning position for White.} dxe2 (22... Qxd6 23. Nc4 $1 Qd4 24. Bxa8 Qxc4 25.
exd3 $18) 23. Qb3+ Nf7 (23... Rf7 24. Rfe1 Rc8 25. Bd5) 24. dxe7 exf1=R+ 25.
Nxf1 Re8 26. Bc6 $18 Qxe7 27. Bxe8 Qxe8 28. Ra1 (28. Rc1) 28... Qd7 29. Rd1 Qe8
30. Rc1 Qd7 31. Ne3 f5 32. Nd5 Be5 33. Rc7 {As Nigel said in the commentary
room afterwards, he suddenly realized this might not be so easy.} Qxc7 34. Nxc7
Bxc7 35. Qa2 Bd6 {The pawn on a7 is irrelevant.} 36. Qxa7 Bc5 37. Qd7 Kg7 38.
Qe6 Bd4 39. Kg2 Bc5 {Can the fortress be breached? It is a question of getting
the king to e6 or f7. Once that is achieved, the game is finished.} 40. f3 h5
41. h3 Bd4 (41... Ng5 42. Qe5+ Kf7 (42... Kh6 43. Qf4) 43. Qc7+ $1 (43. Qh8 Ne6
) 43... Kf6 (43... Ke6 44. Qg7) (43... Ke8 44. Qg7) 44. Qd8+ Be7 45. Qxb6+) 42.
Qc4 Bc5 43. Qc3+ Kh7 44. Qf6 $1 {A superb square for the queen, completely
dominating the minor pieces.} Nd6 45. Kf1 Ne8 46. Qf7+ Ng7 47. Ke2 Bd4 48. Kd3
Bf2 49. g4 fxg4 50. fxg4 Bc5 51. Ke4 Bg1 52. Ke5 Be3 53. Qd7 Kh6 54. Kf6 Bg5+
55. Kf7 {Mission accomplished!} hxg4 56. hxg4 {It is mate in 17 after 56...Bc1.
I'm sure such a learned audience will not need the crude details.} 1-0